|
|
|
|
| LEADER |
01154nam a2200241 a 4500 |
| 001 |
2978241 |
| 008 |
100124s1993 nyu 000 0 eng d |
| 010 |
|
|
|a 92030637
|
| 020 |
|
|
|a 0070199469
|
| 040 |
|
|
|a DLC
|c DLC
|d DLC
|d DB-DhAAL
|
| 082 |
0 |
0 |
|a 301/.01
|2 20
|
| 245 |
0 |
0 |
|a Readings in social theory :
|b the classic tradition to post-modernism /
|c edited with introductions by James Farganis.
|
| 260 |
|
|
|a New York :
|b McGraw-Hill,
|c c1993.
|
| 300 |
|
|
|a xiii, 399 p. ;
|c 24 cm.
|
| 504 |
|
|
|a Includes bibliographical references.
|
| 541 |
1 |
|
|e 00007190
|
| 650 |
|
0 |
|a Sociology
|x Philosophy.
|
| 700 |
1 |
|
|a Farganis, James.
|
| 852 |
4 |
|
|a Ayesha Abed Library
|j General Shelf.
|
| 999 |
|
|
|c 7129
|d 7129
|
| 952 |
|
|
|0 0
|1 2
|2 ddc
|4 0
|6 301_010000000000000_REA
|7 0
|9 7404
|a BRACUL
|b BRACUL
|c GEN
|d 2010-01-24
|l 1
|m 12
|o 301.01 REA
|p 3010007190
|q 2015-11-06
|r 2011-03-01
|s 2011-03-01
|t 1
|w 2010-01-24
|y BK
|
| 952 |
|
|
|0 0
|1 0
|2 ddc
|4 0
|6 301_010000000000000_REA
|7 0
|9 24197
|a SCL
|b SCL
|c GEN
|d 1998-11-01
|l 0
|o 301.01 REA
|p 3020000070
|r 2014-04-26
|t 2
|w 2014-04-26
|y BK
|
| 952 |
|
|
|0 0
|1 0
|2 ddc
|4 0
|6 301_010000000000000_REA
|7 0
|9 24206
|a SCL
|b SCL
|c GEN
|d 1999-01-26
|l 0
|o 301.01 REA
|p 3020001454
|r 2014-04-26
|t 3
|w 2014-04-26
|y BK
|